000 00910nam a22003017a 4500
003 CHAP
005 20220329134931.0
008 971013s1978 r 00010 d
010 _a28285
011 _a29257
035 _a33368
040 _cCHAP
082 _a621.56
_bL3
100 0 0 _aLangley, Billy C.
_964754
245 _aRefrigeration and air conditioning
260 _aReston, Va. :
_bReston,
_c1978
300 _a689 p.
_b: ilus.
590 _aBATCH-UPD
_b10
_c20130110
_lUCH01
_h0122
590 _aBATCH-UPD
_b10
_c20130110
_lUCH01
_h1100
590 _aBATCH-UPD
_b10
_c20130410
_lUCH01
_h0653
590 _aBATCH-UPD
_b10
_c20130913
_lUCH01
_h2345
590 _aCONVERSION
_b10
_c20130109
_lUCH01
_h1316
650 1 4 _aAire acondicionado.
_93151
650 1 4 _aRefrigeración.
_995611
901 _aBK
942 _cLIBRO
949 _a621.56 L3
_bBC
_cLIBRO
_d33724000017380
_eLIBRO
_h55928
_i33368
_si
_t837.00
999 _c28285
_d28285